Statistics for Countries Containing M

Click here to take the quiz!

General Stats

  • This quiz has been taken 2,303 times
  • The average score is 43 of 52

Answer Stats

country% Correct
Mali
93%
Mexico
91%
Monaco
91%
Malta
90%
Mauritius
89%
Morocco
89%
Malawi
88%
Marshall Islands
88%
Mauritania
88%
Moldova
88%
Mozambique
88%
Oman
88%
Dominica
87%
Malaysia
87%
Mongolia
87%
Montenegro
87%
Dominican
Republic
86%
Macedonia
86%
Maldives
86%
Yemen
86%
Madagascar
85%
Belgium
84%
Colombia
84%
Federated States
of Micronesia
84%
Germany
84%
Luxembourg
84%
Panama
84%
Romania
84%
Armenia
83%
Namibia
83%
Samoa
83%
Zambia
83%
Denmark
82%
San Marino
82%
United Kingdom
82%
Zimbabwe
82%
Bahamas
81%
Cambodia
81%
Guatemala
81%
Myanmar
81%
Somalia
81%
Jamaica
80%
Solomon Islands
79%
Gambia
78%
Turkmenistan
78%
Cameroon
77%
Suriname
77%
Vietnam
77%
United Arab
Emirates
76%
Comoros
75%
São Tomé
and Príncipe
68%
Timor-Leste
55%

Score Distribution

Percentile by Number Answered

Percent of People with Each Score

Your Score History

You have not taken this quiz